000 02137nam a22002537a 4500
003 Uzh_bibl
008 260310b |||||||| |||| 00| 0 ukr d
020 _a966-7223-11-6
_c5.00
040 _bукр.
041 _2ukr
_aukr
080 _a61
090 _a61
_bБ40
100 _a-
245 _aБезпечна поведінка
_cРецен.Т.В.Говорун
_hТекст
260 _aКиїв
_b"Сім'я"
_c1999
300 _a56 с.
_bіл.
520 _aВ даному інформаційному посібнику наведено основні аспекти безпечної поведінки підлітків та молоді. Розповідається про пагубний вплив на здоров'я алкоголю, тютюну, наркотиків. Проводяться основні відомості про хахворювання, що передаються статевим шляхом ВІЛ, СНІД. Описана профілактика цих захворювань та небажаної вагітності. Даний посібник було розроблено спеціалістами Української Асоціації Планування сім'ї за сприяння Всесвітньої Фундації АнтиСНІД. Посібник буде корисний також учителям валеології, безпеки життєдіяльності, класним керівникам, вихователям, батькам учнів, спеціалістам регіональних центрів планування сім'ї та центрів соціальних служб для молоді.
521 _aДля широкого кола читачів
546 _aукр.
650 _aНавчальне видання
653 _aПаління
_aАлкоголь і наркотики
_aСтать та статеві відносини
_aСиндром набутого імунного дефіциту
655 _aНавчальна література
_vПосібник
942 _2udc
_cBK
999 _c16971
_d16971